champion du grand prix de Belgique depuis 2000 - Statistiques

Statistiques générales
  • Ce quiz a été pris 4 fois
  • Le résultat moyen est 11 sur 23
Statistiques - réponses
Hint Réponse % Correct
2023 Max Verstappen
100%
2022 Max Verstappen
100%
2021 Max Verstappen
100%
2019 Charles Leclerc
75%
2024 Lewis Hamilton
75%
2020 Lewis Hamilton
75%
2017 Lewis Hamilton
75%
2015 Lewis Hamilton
75%
2016 Nico Rosberg
75%
2013 Sebastian Vettel
75%
2014 Daniel Ricciardo
50%
2007 Kimi Raïkkönen
50%
2002 Michael Schumacher
50%
2018 Sebastian Vettel
50%
2011 Sebastian Vettel
50%
2008 Felipe Massa
25%
2010 Lewis Hamilton
25%
2012 Jenson Button
0%
2009 Kimi Raïkkönen
0%
2005 Kimi Raïkkönen
0%
2004 Kimi Raïkkönen
0%
2001 Kimi Raïkkönen
0%
2000 Mika Häkkinen
0%
Aucun quiz correspondant
Distribution des résultats
% des personnes avec chaque résultat
Percentile par nombre de réponses
Votre historique - résultats
Vous n’avez pas pris ce quiz